Readiness of the Czech agriculture for the EU accession
Analýza súčasného stavu poľnohospodárstva ČR, posúdenie možných dopadov prostredia EÚ na ekonomickú pozíciu hlavných poľnohospodárskych komodít. Súhrnné vyhodnotenie pripravenosti českého poľnohospodárstva na vstup do EÚ.
Enregistré dans:
| Auteur principal: | |
|---|---|
| Autres auteurs: | |
| Format: | Chapitre de livre |
| Langue: | anglais |
| Sujets: | |
| Tags: |
Pas de tags, Soyez le premier à ajouter un tag!
|
MARC
| LEADER | 00000naa a2200000 4500 | ||
|---|---|---|---|
| 001 | r048256 | ||
| 005 | 20231004091705.7 | ||
| 041 | 0 | |a eng | |
| 044 | |a CZ | ||
| 245 | 1 | 0 | |a Readiness of the Czech agriculture for the EU accession |c Tomáš Doucha, P. Blížkovský |
| 520 | |a Analýza súčasného stavu poľnohospodárstva ČR, posúdenie možných dopadov prostredia EÚ na ekonomickú pozíciu hlavných poľnohospodárskych komodít. Súhrnné vyhodnotenie pripravenosti českého poľnohospodárstva na vstup do EÚ. | ||
| 610 | 2 | 0 | |a poľnohospodárstvo |
| 610 | 2 | 0 | |a Česko |
| 610 | 2 | 0 | |a Európska únia |
| 100 | 1 | |a Doucha, Tomáš | |
| 700 | 1 | |a Blížkovský, Petr | |